Comparison of Social Housing in the EU Countries and in Slovakia

Porovnanie sociálneho bývania v krajinách Európskej únie. Priestorová prieskumná analýza situácie sociálneho bývania v celom regióne Slovenska. Konečné grafické a numerické výsledky analýzy štatistických údajov a výsledky porovnaní meraním podobnosti štruktúr. Štatistika Európskej únie o príjmoch a...

Full description

Saved in:
Bibliographic Details
Main Author: Sipková, Ľubica, 1962-
Other Authors: Labudová, Viera, 1958-, Sipko, Juraj
Format: Book Chapter
Language:English
Subjects:
Tags: Add Tag
No Tags, Be the first to tag this record!

MARC

LEADER 00000naa$a2200000$$$4500
001 0249743
005 20240502083711.8
041 0 |a eng 
044 |a CZ 
245 1 0 |a Comparison of Social Housing in the EU Countries and in Slovakia  |c Ľubica Sipková, Viera Labudová, Juraj Sipko 
520 |a Porovnanie sociálneho bývania v krajinách Európskej únie. Priestorová prieskumná analýza situácie sociálneho bývania v celom regióne Slovenska. Konečné grafické a numerické výsledky analýzy štatistických údajov a výsledky porovnaní meraním podobnosti štruktúr. Štatistika Európskej únie o príjmoch a životných podmienkach (EU-SILC). 
610 2 0 |a bývanie 
610 2 0 |a štát sociálny 
610 2 0 |a skupiny sociálne 
610 2 0 |a analýza sociálna 
610 2 0 |a analýza štatistická viacrozmerná 
610 2 0 |a Európska únia 
610 2 0 |a byty sociálne 
100 1 |a Sipková, Ľubica, 1962- 
700 1 |a Labudová, Viera, 1958- 
700 1 |a Sipko, Juraj